000 00712nam a2200253Ia 4500
003 OSt
005 20220926012421.0
006 a|||||r|||| 00| 0
007 ta
008 220923b |||||||| |||| 00| 0 eng d
020 _a0231031068
037 _cGeneral Book
040 _aRTL
_cRTL
_beng
041 _2eng
_aeng
082 _aY49(J).7918.N7, L5
100 _aForman Shepard
_9138388
245 0 _aBra-zilian peasantry
260 _aNew York
_bColumbia University Press
_c1975
300 _axiii,319p
_ccm.
500 _aBibliography: p 287-300; Index:P301-19
650 _aPeasants
942 _hY49(J).7918.N7, L5
_cGB
_2CC
999 _c622884
_d622884